Strukturní modely průmyslu

Enregistré dans:
Détails bibliographiques
Auteur principal: Walter, Jaromír
Collectivité auteur: Vysoká škola ekonomická v Praze. Výrobně ekonomická fakulta
Format: Livre
Langue:tchèque
Publié: Praha Státní pedagogické nakladatelství 1981
Tags: Ajouter un tag
Pas de tags, Soyez le premier à ajouter un tag!

MARC

LEADER 00000nam a2200000 4500
001 c131569
005 20190201112645.0
041 0 |a cze 
044 |a CZ 
245 1 0 |a Strukturní modely průmyslu  |c Jaromír Walter a kol. 
264 1 |a Praha  |b Státní pedagogické nakladatelství  |c 1981 
300 |a 136 s. 
100 1 |a Walter, Jaromír 
710 2 |a Vysoká škola ekonomická v Praze. Výrobně ekonomická fakulta